HANDBOOK OF PRONUNCIATION OF ENGLISH WOR (Record no. 34526)

MARC details
000 -LEADER
fixed length control field 00254nam a2200109Ia 4500
008 - FIXED-LENGTH DATA ELEMENTS--GENERAL INFORMATION
fixed length control field 240625s9999 xx 000 0 und d
041 ## - LANGUAGE CODE
Language code of text/sound track or separate title eng
082 ## - DEWEY DECIMAL CLASSIFICATION NUMBER
Classification number 425 SET
100 ## - MAIN ENTRY--PERSONAL NAME
Personal name SETHI J
245 ## - TITLE STATEMENT
Title HANDBOOK OF PRONUNCIATION OF ENGLISH WOR
260 ## - PUBLICATION, DISTRIBUTION, ETC.
Date of publication, distribution, etc. 2006
Holdings
Withdrawn status Lost status Damaged status Not for loan Home library Current library Shelving location Date acquired Full call number Barcode Date last seen Price effective from Koha item type
        IMTN IMTN Rack 15-B 08/07/2009 425 SET CD1545 06/25/2024 06/25/2024 CD
Designed & Maintained by: LRC IMT Nagpur Contact: lrc@imtnag.ac.in© 2024. All Rights Reserved.